The Leatherneck

Detalles Bibliográficos
Título anterior:Quantico leatherneck
Autor Corporativo: Leatherneck Association
Formato: Electrónico Revista
Lenguaje:inglés
Publicado: [Washington, D.C.] : [Leatherneck Association]
Materias:
Acceso en línea:Full text available from Research Library: 01/01/1998 to present

MARC

LEADER 00000nas a2200000 a 4500
001 ssj0001683
003 WaSeSS
005 20200512172242.0
006 m d
007 cr n
008 810902c19uu9999dcumr p s 0 a0eng c
010 |a sc 81007089  
022 |l 0023-981X  |y 0023-981X 
032 |a 308080  |b USPS 
035 |a (WaSeSS)ssj0001683 
040 |a IUL  |b eng  |c IUL  |d DLC  |d NSD  |d OCL  |d NST  |d OCL  |d NST  |d NSD  |d NST  |d OCLCQ  |d OKN  |d IUL  |d OCLCQ  |d OCLCA  |d OCLCF  |d OCLCQ  |d WaSeSS 
042 |a pcc  |a nsdp 
043 |a n-us--- 
050 4 |a D731  |b .L4 
082 1 0 |a 359  |2 11 
210 0 |a Leatherneck 
222 4 |a The Leatherneck 
245 0 4 |a The Leatherneck  |h [electronic resource]. 
260 |a [Washington, D.C.] :  |b [Leatherneck Association] 
310 |a Monthly 
506 |a License restrictions may limit access. 
588 |a Description based on: Vol. 28, no. 5 (May 1945); title from cover. 
610 1 0 |a United States.  |b Marine Corps  |v Periodicals. 
610 1 7 |a United States.  |b Marine Corps.  |2 fast  |0 (OCoLC)fst00528845 
655 0 |a Electronic journals. 
710 2 |a Leatherneck Association. 
780 0 0 |t Quantico leatherneck  |w (OCoLC)74829197 
850 |a ArU  |a CaBVa  |a ICRL  |a InU  |a MnU  |a MsU  |a ViBlbV 
856 4 0 |z Full text available from Research Library: 01/01/1998 to present  |u https://search.proquest.com/publication/15498